| 000 | 00434nam a2200169 a 4500 | ||
|---|---|---|---|
| 005 | 20140412111313.0 | ||
| 008 | 110408s19uu xx 00 eng d | ||
| 020 | _a0-395-45989-3 | ||
| 050 |
_aM 567.9 _bC316 1983 |
||
| 100 | _aCarrick, Carol | ||
| 245 |
_aPatricks dinosaurs / _cCarrol Carrick. |
||
| 260 |
_aUSA : _bClarion books, _c1983. |
||
| 300 | _a32p. | ||
| 650 |
_aDinosaurs _xfiction |
||
| 999 |
_c104124 _d104124 |
||